01378nam a22002417a 4500999001700000003000900017008004100026040007100067082001700138100002100155245002000176260003300196300002800229440003800257505064700295650002300942650001800965650002000983650001701003942001601020945001001036952009001046 c21123d21123AR-CdUCM190318b ||||| |||| 00| 0 spa d aMUNICIPALIDAD PROVINCIAL DEL CUSCOcBIBLIOTECA MUNICIPAL DEL CUSCO a920.7 /bC79 aCordier, Jacques aJuana de Arco / aMéxico :bGrijalbo,c1959. a335 páginas ;c21 cm. aGrandes Figuras Historicas918328 aContenido : t.1.- Grandes figuras de la historia (Leopold Von Ranke) -- t.2.- Alejandro El Grande (León Homo) -- t.3.- Nerón (Gérard Walter) -- t.4.- Juana de Arco, su personalidad. Su papel histórico (Jacques Cordier) -- t.5.- Maria Estuardo (Paule Henry-Bordeaux) -- t.6.- Horacio Nelson. Un estudio del almirante (Renalt Capes) -- t.7.- Soliman El Magnífico sultan del este -- t.8.- Julio Cesar (Gérard Walter) -- t.9.- Anibal de Cartago (Mary Dolan) -- t.10.- Pericles. Una experiencia de democracia dirigida (León Homo) -- t.11.- Carlomagno. La leyenda y el hombre (Harold Lamb) -- t.12.- Maria Antonieta (Gérard Walter). aBirografias918431 aMujeres93760 aHistoria944044 aHombres9982 2ddccLIBROS arjall 002ddc4070aSHbSHcCARTd2019-10-23o920.7 / C79pSH0000011418r2019-10-23yLIBROS